| 000 -LEADER |
| fixed length control field |
00502nam a2200157Ia 4500 |
| 008 - FIXED-LENGTH DATA ELEMENTS--GENERAL INFORMATION |
| fixed length control field |
200103s 2008 ||||xx |||||||||||||| ||und|| |
| 082 ## - DEWEY DECIMAL CLASSIFICATION NUMBER |
| Classification number |
623.8884 |
| Item number |
CHH |
| 100 ## - MAIN ENTRY--PERSONAL NAME |
| Personal name |
Chhabra, Yashwant |
| 245 #0 - TITLE STATEMENT |
| Title |
Collision avoidance : principles & practice |
| 260 ## - PUBLICATION, DISTRIBUTION, ETC. (IMPRINT) |
| Name of publisher, distributor, etc |
Bhandarkar Pubhications |
| Date of publication, distribution, etc |
2008 |
| Place of publication, distribution, etc |
Mumbai |
| 300 ## - PHYSICAL DESCRIPTION |
| Extent |
xi, 379p. |
| 650 ## - SUBJECT ADDED ENTRY--TOPICAL TERM |
| Topical term or geographic name as entry element |
Steering and sailing rules |
| 650 ## - SUBJECT ADDED ENTRY--TOPICAL TERM |
| Topical term or geographic name as entry element |
Conduct of vessels in sight of one another |
| 650 ## - SUBJECT ADDED ENTRY--TOPICAL TERM |
| Topical term or geographic name as entry element |
Conduct of vessels in restricted visibility |
| 942 ## - ADDED ENTRY ELEMENTS (KOHA) |
| Item type |
Books |